000 01868nam a22001577a 4500
041 _aukr
080 _a09
090 _bХВИ
100 _aХвищук, Р. А.
245 _aЕтико-світоглядні аспекти мовної картини світу а англомовному пісенному метал-дискурсі гурту Iron Maiden
260 _aОстрог
_bКАФ
_c2014
300 _a65
520 _aВступ. Розділ І. Теоретичні засади формування мовної картини світу під впливом пісенного метал-дискурсу важкої музики. 1.1. Поняття мовної картини світу 1.2. Поняття дискурсу та особливості пісенного метал-дискурсу 1.3. Поняття концепту в лінгвістиці та його роль у мовній картині світу Висновки до Розділу І Розділ ІІ. Роль етико-світоглядних концептів мовної картини світу в англомовному пісенному метал-дискурсі гурту Iron Maiden. 2.1. Концепти "життя" і "смерть" як важлива складова метал-дискурсу 2.2. Релігія та релігійні аспекти мовної картини світу в пісенному метал-дискурсі 2.3. Репрезентація концептів "love" і "hate" в англомовному пісенному метал-дискурсі Висновки до Розділу ІІ Висновки. Список використаної літератури. Додатки.
_0дискурс, лінгвістика, концепт
650 _aResearch Papers
999 _c285388
_d285388
942 _cBK